[Event "ICS rated standard match"]
[Site "204.178.125.65"]
[Date "2000.07.14"]
[Round "?"]
[White "ET2000"]
[Black "Hossa"]
[Result "1-0"]
[WhiteElo "2719"]
[BlackElo "2409"]
[PlyCount "107"]
[EventDate "2000.??.??"]

1. e4 c5 2. Nf3 g6 3. d4 cxd4 4. Nxd4 Bg7 5. c4 Nc6 6. Be3 Nf6 7. Nc3 O-O 8.
Be2 d6 9. f4 Ng4 10. Bxg4 Bxd4 11. Bxd4 Bxg4 12. Qxg4 Nxd4 13. O-O-O e5 14. Kb1
Rc8 15. b3 f5 16. exf5 Rxf5 17. fxe5 dxe5 18. Ne2 Qg5 19. Qxg5 Rxg5 20. Nxd4
exd4 21. Rxd4 Rxg2 22. Rd7 Rb8 23. h3 a5 24. Re1 Rh2 25. Ree7 Rxh3 26. Rg7+ Kh8
27. Rxb7 Rf8 28. Rgf7 Rxf7 29. Rxf7 h6 30. c5 Rc3 31. Rc7 a4 32. bxa4 Rc4 33.
c6 Rb4+ 34. Ka1 Rf4 35. Rb7 Rxa4 36. c7 Rc4 37. Rb8+ Kg7 38. c8=Q Rxc8 39. Rxc8
h5 40. a4 h4 41. a5 h3 42. Rc7+ Kg8 43. a6 h2 44. Rc1 Kf7 45. Rf1+ Ke7 46. a7
Kd6 47. a8=Q Kc5 48. Qf8+ Kc6 49. Qf6+ Kc5 50. Qe5+ Kc6 51. Rc1+ Kb6 52. Qc7+
Ka6 53. Rb1 g5 54. Qb6# {Hossa checkmated} 1-0

[Event "ICS rated standard match"]
[Site "204.178.125.65"]
[Date "2000.07.14"]
[Round "?"]
[White "EgoBasher"]
[Black "Hossa"]
[Result "1-0"]
[WhiteElo "2507"]
[BlackElo "2425"]
[PlyCount "83"]
[EventDate "2000.??.??"]

1. e4 c5 2. Nf3 g6 3. c4 d6 4. d4 Bg4 5. d5 Nf6 6. h3 Bxf3 7. Qxf3 Nbd7 8. Be2
Bg7 9. O-O O-O 10. Nc3 Ne5 11. Qg3 e6 12. Bg5 h6 13. Be3 b5 14. cxb5 exd5 15.
exd5 Re8 16. Rae1 Qe7 17. f4 Ned7 18. Bf3 Qf8 19. f5 Ne5 20. fxg6 fxg6 21. Bd1
Nc4 22. Bc2 g5 23. Ne4 Qf7 24. Bc1 Rf8 25. Qd3 Ne5 26. Nxf6+ Bxf6 27. Rxe5 c4
28. Qe4 Qg7 29. Re6 Bd4+ 30. Be3 Bxe3+ 31. Qxe3 Rxf1+ 32. Kxf1 Qf7+ 33. Kg1 a5
34. Rxh6 Qxd5 35. Qe7 Qd4+ 36. Kh1 Qg7 37. Qe6+ Kf8 38. Bg6 Qe7 39. Rh8+ Kg7
40. Rh7+ Kf8 41. Qxe7+ Kg8 42. Qf7# {Hossa checkmated} 1-0

[Event "ICS rated blitz match"]
[Site "204.178.125.65"]
[Date "2000.07.14"]
[Round "?"]
[White "Kurios"]
[Black "Hossa"]
[Result "1/2-1/2"]
[WhiteElo "2605"]
[BlackElo "2471"]
[PlyCount "120"]
[EventDate "2000.??.??"]

1. e4 c5 2. Nf3 e6 3. d4 cxd4 4. Nxd4 Nf6 5. Nc3 d6 6. Be2 Be7 7. O-O O-O 8. f4
Nc6 9. Be3 e5 10. Nb3 b6 11. fxe5 dxe5 12. Bb5 Nb4 13. Qe2 Bg4 14. Qf2 Rc8 15.
Rae1 Rxc3 16. bxc3 Nxa2 17. Qg3 Nxc3 18. Bd3 Be6 19. Qxe5 Bb4 20. Bg5 Ng4 21.
Qxe6 Qxg5 22. Qf5 Be7 23. e5 g6 24. Qf3 Nxe5 25. Qb7 Bd6 26. Ba6 Ng4 27. Re8
Bxh2+ 28. Kh1 Bf4 29. Rxf8+ Kxf8 30. Qc8+ Ke7 31. Qxc3 Qh4+ 32. Qh3 Nf2+ 33.
Rxf2 Qxf2 34. Qc3 Bd6 35. Bb5 f6 36. Nd4 a5 37. Nf3 Qc5 38. Qe1+ Be5 39. c4 Ke6
40. Qe4 Qd6 41. g4 Ke7 42. Kg2 Kf8 43. Ba4 Qe7 44. Qc6 Bc7 45. Nd4 Bd6 46. Qxb6
f5 47. gxf5 Qg5+ 48. Kf2 Qh4+ 49. Ke3 Qf4+ 50. Kd3 Qf1+ 51. Kd2 Bf4+ 52. Kc3
Qc1+ 53. Bc2 Qe3+ 54. Kb2 Be5 55. Qc5+ Kg7 56. Qe7+ Kh6 57. Qh4+ Kg7 58. Qe7+
Kh6 59. Qh4+ Kg7 60. Qe7+ Kh6 1/2-1/2

[Event "ICS rated blitz match"]
[Site "204.178.125.65"]
[Date "2000.07.14"]
[Round "?"]
[White "Hossa"]
[Black "Kurios"]
[Result "0-1"]
[WhiteElo "2474"]
[BlackElo "2596"]
[PlyCount "118"]
[EventDate "2000.??.??"]

1. d4 Nf6 2. c4 e6 3. Nf3 b6 4. g3 Ba6 5. Qc2 c5 6. d5 exd5 7. cxd5 Bb7 8. Bg2
Nxd5 9. O-O Nf6 10. Bf4 Be7 11. Nc3 O-O 12. e4 Nc6 13. Qd2 d6 14. Rfd1 Qe8 15.
Qe2 Rd8 16. a3 Nh5 17. Bg5 Bxg5 18. Nxg5 Nf6 19. Qd3 Ne5 20. Qe2 h6 21. Nh3 Nc6
22. Nf4 Nd4 23. Qd3 Qe5 24. Re1 Rfe8 25. b4 d5 26. Nfxd5 Nxd5 27. Nxd5 Bxd5 28.
f4 Bxe4 29. Bxe4 Qd6 30. Qc4 cxb4 31. Qxb4 Qf6 32. Rac1 Re6 33. Kh1 a5 34. Qb1
Qe7 35. a4 Re8 36. Bh7+ Kh8 37. Rxe6 Qxe6 38. Bd3 Qd5+ 39. Kg1 Nf3+ 40. Kf2
Nxh2 41. Qb5 Qf3+ 42. Kg1 Qxg3+ 43. Kh1 Qf3+ 44. Kxh2 Qxf4+ 45. Kg2 Qd2+ 46.
Kg1 Qxc1+ 47. Bf1 Qe3+ 48. Kh1 Re5 49. Bd3 Qh3+ 50. Kg1 Re1+ 51. Bf1 Qg3+ 52.
Kh1 Qf2 53. Qd3 Rxf1+ 54. Qxf1 Qxf1+ 55. Kh2 f5 56. Kg3 f4+ 57. Kg4 g6 58. Kh4
Qe1+ 59. Kg4 Qg3# {Hossa checkmated} 0-1

[Event "ICS rated blitz match"]
[Site "204.178.125.65"]
[Date "2000.07.14"]
[Round "?"]
[White "Dorky"]
[Black "Hossa"]
[Result "0-1"]
[WhiteElo "2184"]
[BlackElo "2467"]
[PlyCount "108"]
[EventDate "2000.??.??"]

1. d4 Nf6 2. c4 e6 3. Nf3 b6 4. Nc3 Bb4 5. Bg5 Bb7 6. e3 h6 7. Bh4 g5 8. Bg3
Ne4 9. Qc2 h5 10. Bd3 Nxg3 11. hxg3 g4 12. Nh4 Nc6 13. d5 Ne5 14. O-O-O Nxd3+
15. Qxd3 Qe7 16. a3 Bxc3 17. Qxc3 O-O-O 18. Rhe1 Kb8 19. e4 Rde8 20. Qd2 d6 21.
b3 Rhg8 22. Qf4 a5 23. Rf1 a4 24. b4 Ba6 25. b5 Bb7 26. Rfe1 Ba8 27. Rd2 Rh8
28. Rg1 Rd8 29. Rb2 Rh7 30. Rb4 f5 31. exf5 exd5 32. Qd4 dxc4 33. Qxc4 Qe5 34.
Qd4 Qe8 35. f4 Re7 36. Qd1 Re3 37. Kb2 Qh8+ 38. Ka2 Qc3 39. Kb1 Qxa3 40. Qxa4
Rb3+ 41. Qxb3 Be4+ 42. Rxe4 Qxb3+ 43. Kc1 Qc3+ 44. Kb1 Qd3+ 45. Kb2 Qxb5+ 46.
Kc3 Qc5+ 47. Kd2 Qxg1 48. Ke2 Qc5 49. Re7 Qc2+ 50. Kf1 Kb7 51. Rh7 Qd1+ 52. Kf2
Re8 53. Rxc7+ Kxc7 54. Ng6 Re2# {Dorky checkmated} 0-1

[Event "ICS rated blitz match"]
[Site "204.178.125.65"]
[Date "2000.07.14"]
[Round "?"]
[White "Hossa"]
[Black "boontje"]
[Result "1-0"]
[WhiteElo "2472"]
[BlackElo "1943"]
[PlyCount "59"]
[EventDate "2000.??.??"]

1. e4 e5 2. d4 exd4 3. Qxd4 Nc6 4. Qd1 Nf6 5. Bd3 Be7 6. Nf3 d6 7. O-O O-O 8.
Nc3 Bg4 9. Be3 d5 10. Nxd5 Nxd5 11. exd5 Ne5 12. Be2 Nxf3+ 13. Bxf3 Bf5 14. Re1
Bd6 15. Bg4 Be4 16. c4 f5 17. Bh5 Qh4 18. f4 g5 19. Bf2 Qxf4 20. Bg3 Bc5+ 21.
Kh1 Bxg2+ 22. Kxg2 Qd4 23. Qxd4 Bxd4 24. Bxc7 f4 25. Be5 Be3 26. Rad1 Rac8 27.
b3 b5 28. Bg4 Rcd8 29. Be6+ Rf7 30. Bd4 {boontje resigns} 1-0

[Event "ICS rated blitz match"]
[Site "204.178.125.65"]
[Date "2000.07.14"]
[Round "?"]
[White "Hossa"]
[Black "QueenMaxima"]
[Result "0-1"]
[WhiteElo "2473"]
[BlackElo "2504"]
[PlyCount "107"]
[EventDate "2000.??.??"]

1. e4 c5 2. Nf3 e6 3. d4 cxd4 4. Nxd4 Nc6 5. Nc3 Qc7 6. Be2 a6 7. O-O Nf6 8.
Kh1 Be7 9. Qd3 O-O 10. f4 Nxd4 11. Qxd4 d5 12. e5 Nd7 13. Be3 b5 14. Qd2 Bb7
15. a4 b4 16. Na2 Rac8 17. Bd1 a5 18. Nc1 Ba6 19. Nd3 Nc5 20. Re1 Ne4 21. Qe2
Qc4 22. Nc1 Bh4 23. g3 Qc6 24. Qg2 Be7 25. Nb3 Qc7 26. Qg1 Bb7 27. Bd4 Nc5 28.
Nxc5 Bxc5 29. Re2 Bxd4 30. Qxd4 Qc4 31. Qb6 Bc6 32. Kg1 Rb8 33. Qf2 d4 34. Rd2
Qd5 35. Kf1 Rfd8 36. Be2 Rbc8 37. Rdd1 Qh1+ 38. Qg1 Bg2+ 39. Kf2 Qxg1+ 40. Rxg1
Be4 41. Rac1 Rxc2 42. Rxc2 Bxc2 43. Bd1 Rc8 44. Re1 h6 45. h4 Rc4 46. g4 b3 47.
h5 d3 48. Ke3 Re4+ 49. Kd2 Rxf4 50. Kc3 Rxa4 51. Bxc2 dxc2 52. Kxb3 Rxg4 53.
Kxc2 Rg5 54. Kb3 {Hossa resigns} 0-1

[Event "ICS rated standard match"]
[Site "204.178.125.65"]
[Date "2000.07.14"]
[Round "?"]
[White "Hossa"]
[Black "QueenMaxima"]
[Result "0-1"]
[WhiteElo "2413"]
[BlackElo "2335"]
[PlyCount "80"]
[EventDate "2000.??.??"]

1. e4 c5 2. Nf3 e6 3. d4 cxd4 4. Nxd4 Nc6 5. Nc3 Qc7 6. Be2 a6 7. O-O Nf6 8.
Kh1 Nxd4 9. Qxd4 Bc5 10. Qd3 h5 11. Bg5 Ng4 12. f4 Nf2+ 13. Rxf2 Bxf2 14. e5
Bc5 15. Ne4 b6 16. Nd6+ Bxd6 17. exd6 Qc5 18. Be7 Bb7 19. Bf3 Bxf3 20. Qxf3 Rc8
21. c3 h4 22. h3 Rh5 23. Qg4 g6 24. Qe2 Rf5 25. Qxa6 Rxf4 26. Rb1 b5 27. Qb7 b4
28. Bg5 Rc4 29. Be7 bxc3 30. Rf1 c2 31. Qf3 Qf5 32. Qxf5 gxf5 33. Rc1 e5 34.
Kh2 Rd4 35. Re1 Rd1 36. Rxe5 Rh1+ 37. Kxh1 c1=Q+ 38. Re1 Qxe1+ 39. Kh2 Qg3+ 40.
Kg1 Rc1# {Hossa checkmated} 0-1

[Event "ICS Rated blitz match"]
[Site "204.178.125.65"]
[Date "2000.07.14"]
[Round "?"]
[White "Tinker"]
[Black "Hossa"]
[Result "1-0"]
[WhiteElo "2578"]
[BlackElo "2458"]
[PlyCount "139"]
[EventDate "2000.??.??"]

1. e4 c5 2. Nf3 e6 3. Nc3 d6 4. d4 cxd4 5. Nxd4 Nf6 6. Bb5+ Nbd7 7. O-O Be7 8.
Qd3 O-O 9. Qe2 a6 10. Bd3 Ne5 11. Be3 Nfg4 12. Bd2 Bf6 13. Nf3 Nxf3+ 14. Qxf3
Ne5 15. Qg3 b5 16. Be2 Bh4 17. Qe3 Rb8 18. Qa7 Bb7 19. Qd4 Bf6 20. Qe3 Nc4 21.
Bxc4 bxc4 22. Qg3 Bc6 23. Rab1 Re8 24. b3 Bd4 25. bxc4 Qc7 26. Rxb8 Rxb8 27.
Qd3 Bc5 28. Rd1 f6 29. Be3 Bb4 30. Ne2 Qb7 31. Ng3 f5 32. f3 fxe4 33. Nxe4 Bxe4
34. Qxe4 Qxe4 35. fxe4 Ba3 36. Rd3 Bc5 37. Bxc5 dxc5 38. Rb3 Rxb3 39. cxb3 Kf7
40. Kf2 Kf6 41. Ke3 Ke5 42. h3 g5 43. g3 h5 44. Kd3 a5 45. Ke3 Kf6 46. Kd3 Ke5
47. a3 Kd6 48. Kd2 Kd7 49. e5 Kc7 50. h4 gxh4 51. gxh4 Kd7 52. Ke3 Ke7 53. Kf4
Kf7 54. Kg5 Kg7 55. Kxh5 Kh7 56. Kg5 Kg7 57. h5 Kf7 58. h6 Kg8 59. Kf6 Kh7 60.
Kxe6 Kxh6 61. Kf6 Kh5 62. e6 Kg4 63. e7 Kf4 64. e8=Q a4 65. bxa4 Kf3 66. Kf5
Kg2 67. Qe2+ Kg3 68. a5 Kh3 69. Kf4 Kh4 70. Qg4# {Hossa checkmated} 1-0

[Event "ICS rated blitz match"]
[Site "204.178.125.65"]
[Date "2000.07.14"]
[Round "?"]
[White "Hossa"]
[Black "Tinker"]
[Result "0-1"]
[WhiteElo "2447"]
[BlackElo "2589"]
[PlyCount "262"]
[EventDate "2000.??.??"]

1. e4 e5 2. d4 exd4 3. Qxd4 Nc6 4. Qd1 Nf6 5. Bd3 d5 6. exd5 Nxd5 7. Nf3 Ndb4
8. Qe2+ Be7 9. Be4 f5 10. Bxc6+ Nxc6 11. O-O O-O 12. Nc3 Rf6 13. Rd1 Qf8 14.
Nb5 Bd6 15. Ng5 Kh8 16. Nxd6 cxd6 17. Qh5 h6 18. Nf3 Bd7 19. Bg5 Re6 20. Bd2
Kg8 21. Qh4 Qf7 22. Bf4 Ne5 23. Nd4 Ng6 24. Qg3 Nxf4 25. Qxf4 Rg6 26. Re1 Qd5
27. f3 Rf8 28. a4 Qf7 29. Qh4 Rf6 30. Qf2 Re8 31. Rxe8+ Qxe8 32. Re1 Qf8 33.
Qe3 d5 34. Qe5 Qc5 35. c3 Rf8 36. Qe7 Qc7 37. Qb4 a5 38. Qb3 Bc6 39. Ne6 Qe7
40. Qd1 Re8 41. Re2 Qd7 42. Nc5 Qf7 43. b3 b6 44. Nd3 Qf8 45. Re5 Rxe5 46. Nxe5
Bb7 47. Kf1 Qa3 48. Qd4 Qxb3 49. g3 b5 50. Qb6 Qb1+ 51. Kg2 Qb2+ 52. Kh3 Qxc3
53. Qe6+ Kh7 54. Qxf5+ Kg8 55. Qe6+ Kh7 56. Qg6+ Kg8 57. Qe8+ Kh7 58. g4 Qc2
59. Qxb5 Qc7 60. Qe8 Qd6 61. g5 hxg5 62. Kg2 Qf6 63. h3 Bc8 64. Nc6 Qe6 65.
Qxe6 Bxe6 66. Nxa5 Bd7 67. Nb7 Bxa4 68. Nc5 Bc2 69. Na6 Bf5 70. Kh2 d4 71. Nc5
d3 72. Nb3 Kg6 73. Nd2 Be6 74. Ne4 Kf5 75. Kg2 Kf4 76. Kf2 Bxh3 77. Nc5 Bf5 78.
Nb3 g4 79. fxg4 Bxg4 80. Nd2 Be6 81. Nf1 g5 82. Kg2 Bb3 83. Kf2 Bf7 84. Ke1 Bd5
85. Kd2 Be4 86. Ne3 Ke5 87. Kc3 Bh7 88. Kd2 Kd4 89. Ng4 Bf5 90. Nf6 Be6 91. Ne8
Bf5 92. Nf6 Kc4 93. Ne8 Kd5 94. Nc7+ Kc4 95. Ne8 Bg6 96. Nf6 Kd4 97. Ng4 Be4
98. Nf6 Bf5 99. Nh5 Ke5 100. Ng3 Bg6 101. Nf1 g4 102. Ke3 Ke6 103. Nd2 Bf5 104.
Kf2 Kd5 105. Ke3 Kc5 106. Nf1 Kb4 107. Kd2 Kc5 108. Ke3 Kc6 109. Kd2 Be4 110.
Ng3 Bh7 111. Kd1 Kd5 112. Ke1 Kc5 113. Kd2 Bg6 114. Kc3 Kb6 115. Kd2 Bh7 116.
Kc3 Kb5 117. Nh5 Bf5 118. Nf4 g3 119. Kd2 Kc4 120. Ke3 Be4 121. Kd2 Kd4 122.
Ne6+ Ke5 123. Ng5 Kf4 124. Ne6+ Kg4 125. Ke3 g2 126. Nf4 g1=Q+ 127. Kd2 Kxf4
128. Kc3 Qc5+ 129. Kb3 d2 130. Kb2 d1=Q 131. Ka2 Qb1# {Hossa checkmated} 0-1

[Event "ICS rated blitz match"]
[Site "204.178.125.65"]
[Date "2000.07.15"]
[Round "?"]
[White "PostModernist"]
[Black "Hossa"]
[Result "1/2-1/2"]
[WhiteElo "2603"]
[BlackElo "2428"]
[PlyCount "85"]
[EventDate "2000.??.??"]

1. e4 e5 2. Bc4 Nf6 3. d3 c6 4. Nf3 d5 5. Bb3 Bg4 6. exd5 cxd5 7. h3 Bxf3 8.
Qxf3 Qd7 9. Bg5 Nc6 10. O-O O-O-O 11. Bxf6 Nd4 12. Qe3 gxf6 13. c3 Nc6 14. Ba4
h5 15. Bxc6 bxc6 16. Qf3 f5 17. Nd2 e4 18. Qe2 Bd6 19. Rac1 Rhg8 20. Qxh5 Bf4
21. Rcd1 Rg5 22. Qh4 Qc7 23. dxe4 fxe4 24. g3 e3 25. Kh1 e2 26. gxf4 exd1=Q 27.
Rxd1 Rgg8 28. Re1 Qb7 29. Nb3 Rh8 30. Qg4+ Kb8 31. Qf5 Rdg8 32. Kh2 Ka8 33. Re3
Rh6 34. Rg3 Rgh8 35. Kg2 Qe7 36. Qe5 Qd8 37. Qf5 Rf6 38. Qg5 Re8 39. Nc5 Qd6
40. Qe5 Qd8 41. Qg5 Qd6 42. Qe5 Qd8 43. Qg5 1/2-1/2

[Event "ICS rated blitz match"]
[Site "204.178.125.65"]
[Date "2000.07.15"]
[Round "?"]
[White "Hossa"]
[Black "gsarakau"]
[Result "1/2-1/2"]
[WhiteElo "2435"]
[BlackElo "2200"]
[PlyCount "75"]
[EventDate "2000.??.??"]

1. e4 e5 2. d4 exd4 3. Qxd4 Nc6 4. Qd1 Bc5 5. Bd3 d6 6. Nf3 Bg4 7. O-O Nge7 8.
Be2 Qd7 9. c3 Bb6 10. Na3 a6 11. Nc4 Ba7 12. Re1 O-O 13. Nfe5 Bxe2 14. Rxe2 Qe6
15. Nxc6 Nxc6 16. Ne3 Qxe4 17. Nd5 Qg4 18. Nxc7 Rac8 19. Nd5 Rce8 20. Be3 Re5
21. Re1 Qxd1 22. Raxd1 Bxe3 23. Nxe3 Rd8 24. f4 Re4 25. g3 f6 26. Kf2 g6 27.
Nd5 Rxe1 28. Rxe1 Kf7 29. g4 Rd7 30. h4 Ne7 31. Nb6 Rc7 32. h5 Rc6 33. hxg6+
hxg6 34. Nd7 Rc7 35. Nb6 Rc6 36. Nd7 Rc7 37. Nb6 Rc6 38. Nd7 1/2-1/2

[Event "ICS rated blitz match"]
[Site "204.178.125.65"]
[Date "2000.07.15"]
[Round "?"]
[White "mid"]
[Black "Hossa"]
[Result "0-1"]
[WhiteElo "2356"]
[BlackElo "2435"]
[PlyCount "26"]
[EventDate "2000.??.??"]

1. e4 e5 2. Nf3 d6 3. d4 exd4 4. Nxd4 Nf6 5. Nc3 Be7 6. Bf4 O-O 7. Qd2 c6 8.
O-O-O b5 9. f3 b4 10. Na4 Bd7 11. Ne2 c5 12. Nxc5 dxc5 13. Bxb8 Qxb8 {
mid resigns} 0-1

[Event "ICS rated blitz match"]
[Site "204.178.125.65"]
[Date "2000.07.15"]
[Round "?"]
[White "Hossa"]
[Black "mid"]
[Result "1/2-1/2"]
[WhiteElo "2447"]
[BlackElo "2344"]
[PlyCount "98"]
[EventDate "2000.??.??"]

1. e4 c6 2. d4 d5 3. e5 Bf5 4. Bd3 Bxd3 5. Qxd3 e6 6. Nf3 c5 7. dxc5 Bxc5 8.
Qb5+ Nd7 9. Qxb7 Bb6 10. Bg5 Qc8 11. Qxc8+ Rxc8 12. c3 Bc7 13. Be3 a6 14. Bd4
Ne7 15. O-O Nc6 16. Re1 Ke7 17. Na3 Rb8 18. Re2 Rhc8 19. g3 Rb7 20. b3 Nxd4 21.
cxd4 Bb6 22. Rc2 Rbc7 23. Rac1 Rxc2 24. Rxc2 Rxc2 25. Nxc2 f6 26. exf6+ gxf6
27. Kg2 e5 28. dxe5 fxe5 29. Nb4 Ke6 30. Nxa6 e4 31. Ng5+ Kf5 32. h4 d4 33.
Nxh7 d3 34. Kf1 d2 35. Ke2 Bxf2 36. Kxd2 Bxg3 37. h5 Bf4+ 38. Ke1 Kg4 39. b4
Kxh5 40. Nc5 Nxc5 41. bxc5 Kg6 42. Nf8+ Kf7 43. Nd7 Ke6 44. Nb6 Be3 45. Na4 Kd5
46. Nc3+ Kxc5 47. Nxe4+ Kb4 48. Kf1 Ka3 49. Kg2 Kxa2 1/2-1/2

[Event "ICS Rated blitz match"]
[Site "204.178.125.65"]
[Date "2000.07.15"]
[Round "?"]
[White "Hossa"]
[Black "PostModernist"]
[Result "0-1"]
[WhiteElo "2442"]
[BlackElo "2591"]
[PlyCount "130"]
[EventDate "2000.??.??"]

1. e4 e6 2. d4 d5 3. Nd2 c5 4. exd5 exd5 5. Ngf3 a6 6. dxc5 Bxc5 7. Nb3 Ba7 8.
Bd3 Qe7+ 9. Qe2 Nc6 10. O-O Qxe2 11. Bxe2 Nf6 12. c3 O-O 13. Bf4 Bg4 14. Rfe1
Ne4 15. Nbd4 Bxf3 16. gxf3 Nxd4 17. cxd4 Nf6 18. Rad1 Rac8 19. Be5 Rc2 20. Rb1
Nd7 21. Bd6 Ra8 22. Bd3 Rc6 23. Be7 Bxd4 24. Bf5 Ne5 25. Red1 Re8 26. Kg2 Bb6
27. Bg5 g6 28. Bd3 Nxd3 29. Rxd3 Rc2 30. Rd2 Rxd2 31. Bxd2 Re2 32. Be1 d4 33.
a4 g5 34. h3 h5 35. f4 gxf4 36. a5 Ba7 37. Kf3 d3 38. Rd1 b5 39. h4 Bc5 40. b3
Be7 41. Bc3 Bxh4 42. Bd4 Ra2 43. Rxd3 Rxa5 44. Kxf4 b4 45. Rh3 Be7 46. Ke3 h4
47. Rh1 Ra3 48. Rg1+ Kf8 49. Bg7+ Ke8 50. Rb1 a5 51. Kf4 a4 52. Re1 Kd7 53.
Rd1+ Kc6 54. bxa4 Rxa4 55. Kf3 Ra5 56. Bd4 b3 57. Rc1+ Kd6 58. Ke3 h3 59. f4 h2
60. Rh1 Ra2 61. Rd1 Ke6 62. Ke4 f5+ 63. Kf3 Bf6 64. Re1+ Kf7 65. Be5 Bxe5 {
Hossa resigns} 0-1

[Event "ICS rated blitz match"]
[Site "204.178.125.65"]
[Date "2000.07.15"]
[Round "?"]
[White "Tinker"]
[Black "Hossa"]
[Result "1-0"]
[WhiteElo "2621"]
[BlackElo "2432"]
[PlyCount "109"]
[EventDate "2000.??.??"]

1. e4 e5 2. Bc4 Nf6 3. Nc3 Nc6 4. Nf3 Bb4 5. Qe2 d6 6. a3 Bxc3 7. dxc3 O-O 8.
O-O a6 9. Bg5 h6 10. Bd2 Be6 11. Bxe6 fxe6 12. c4 Qe7 13. Bc3 b6 14. b4 Qf7 15.
c5 bxc5 16. bxc5 Qg6 17. Rfe1 Nh5 18. cxd6 Nf4 19. Qf1 cxd6 20. Re3 Rac8 21.
Rd1 Rcd8 22. Kh1 a5 23. Rd2 Qf7 24. Bb2 Qc7 25. c4 Na7 26. Rb3 Ra8 27. Bc3 Rab8
28. Rxb8 Rxb8 29. g3 Ng6 30. Bb2 Rf8 31. Qe2 Nc8 32. Bc3 Qc5 33. Bb2 Nb6 34.
Rc2 Na4 35. Bc1 Qc6 36. Nd2 Qb6 37. Kg1 Ne7 38. Nf3 Nc6 39. Kg2 Qb1 40. Be3 Qb3
41. Rd2 Qxa3 42. Rd3 Qb4 43. Qc2 d5 44. cxd5 Qxe4 45. dxc6 Nb2 46. Rd2 Qxf3+
47. Kg1 a4 48. c7 Qa8 49. Bb6 Nd3 50. Rxd3 Rc8 51. Rd7 e4 52. Qc3 e5 53. Qxe5
Kf8 54. Bc5+ Kg8 55. Qxg7# {Hossa checkmated} 1-0

[Event "ICS rated blitz match"]
[Site "204.178.125.65"]
[Date "2000.07.15"]
[Round "?"]
[White "Hossa"]
[Black "Tinker"]
[Result "0-1"]
[WhiteElo "2424"]
[BlackElo "2617"]
[PlyCount "200"]
[EventDate "2000.??.??"]

1. e4 e5 2. Bc4 Nc6 3. Nf3 Nf6 4. d3 d5 5. exd5 Nxd5 6. O-O Bg4 7. h3 Bf5 8.
Re1 f6 9. Nc3 Nxc3 10. bxc3 Qd7 11. Nh4 O-O-O 12. Nxf5 Qxf5 13. Rb1 Na5 14. Bf7
Bc5 15. Qe2 Qd7 16. Bh5 Nc6 17. Bg4 f5 18. Bf3 Rde8 19. a4 a6 20. Bh5 g6 21.
Bf3 h6 22. Bb2 Bb6 23. Qf1 Na5 24. Ra1 Rhg8 25. c4 Bd4 26. c3 Bc5 27. Rad1 Bb6
28. Bd5 Rg7 29. Qe2 Qxa4 30. Bc1 c6 31. Bf3 g5 32. Bh5 Ree7 33. Qf3 f4 34. Rd2
Nb3 35. Qd1 Bc7 36. Rb2 Nc5 37. Qd2 Qa5 38. Qc2 Nd7 39. Bg4 Qc5 40. Qb3 Qa7 41.
Qa4 Bd6 42. Rb1 Bc5 43. Re2 Rgf7 44. Reb2 b5 45. cxb5 cxb5 46. Qb3 Kd8 47. Ra2
Rf6 48. Qg8+ Re8 49. Qh7 Qb7 50. Bf3 Qb6 51. Qe4 Ref8 52. Bh5 Rc6 53. Bg4 Nf6
54. Qe1 Nxg4 55. hxg4 Qc7 56. Rba1 Rff6 57. Re2 Bd6 58. d4 exd4 59. cxd4 Qf7
60. Bd2 Bc7 61. Bb4 Rfe6 62. d5 Rxe2 63. Qxe2 Rc4 64. Qd2 Qf6 65. Re1 Be5 66.
Ba5+ Kc8 67. Qe2 Bc7 68. Qe8+ Kb7 69. Qd7 Qd6 70. Qf7 Rc5 71. Rd1 Rc4 72. Re1
Qa3 73. Bd2 Qa2 74. Bc1 Rd4 75. Qe8 Qxd5 76. Qe2 a5 77. Ba3 b4 78. Bc1 Bd6 79.
f3 Rc4 80. Bb2 Qc5+ 81. Kh1 a4 82. Rd1 Bc7 83. Qe6 a3 84. Bg7 Qb5 85. Bh8 b3
86. Ra1 b2 87. Re1 b1=Q 88. Rxb1 Qxb1+ 89. Kh2 Rc6 90. Qd5 a2 91. Bg7 a1=R 92.
Bxa1 Qxa1 93. Qe4 Bb6 94. Qe7+ Ka6 95. Qe2+ Ka7 96. Qe7+ Rc7 97. Qa3+ Qxa3 98.
Kh3 Rc2 99. g3 Bg1 100. gxf4 Qxf3# {Hossa checkmated} 0-1

[Event "ICS rated blitz match"]
[Site "204.178.125.65"]
[Date "2000.07.15"]
[Round "?"]
[White "MNAGROCKI"]
[Black "Hossa"]
[Result "0-1"]
[WhiteElo "1907"]
[BlackElo "2416"]
[PlyCount "34"]
[EventDate "2000.??.??"]

1. d4 Nf6 2. c4 e6 3. Nc3 Bb4 4. Bg5 h6 5. Bxf6 Qxf6 6. e3 e5 7. Nf3 exd4 8.
Nxd4 O-O 9. Bd3 Bxc3+ 10. bxc3 d6 11. O-O Na6 12. Bc2 Nc5 13. Rc1 Bd7 14. Bb1
Qh4 15. Qc2 g6 16. Nf3 Qxc4 17. Rcd1 Ba4 {MNAGROCKI resigns} 0-1

[Event "ICS Rated blitz match"]
[Site "204.178.125.65"]
[Date "2000.07.15"]
[Round "?"]
[White "PostModernist"]
[Black "Hossa"]
[Result "1-0"]
[WhiteElo "2597"]
[BlackElo "2418"]
[PlyCount "115"]
[EventDate "2000.??.??"]

1. d4 Nf6 2. c4 e6 3. Nf3 b6 4. g3 Ba6 5. b3 Bb7 6. Bg2 Bb4+ 7. Bd2 a5 8. O-O
O-O 9. Qc2 Be4 10. Qb2 Bxd2 11. Nbxd2 Bb7 12. Qc2 d6 13. a3 c5 14. e4 cxd4 15.
Nxd4 a4 16. bxa4 Na6 17. N2b3 Rc8 18. Qe2 Nd7 19. Rfd1 Ne5 20. Rac1 Nc5 21.
Nxc5 Rxc5 22. Nb5 Bc6 23. f4 Nd7 24. Rxd6 Qa8 25. Rcd1 Rd8 26. e5 Qb7 27. Qd2
Rxc4 28. Bxc6 Rxc6 29. Rxd7 Rxd7 30. Qxd7 Qxd7 31. Rxd7 Rc1+ 32. Kf2 g5 33.
fxg5 Rc5 34. Nd6 Rxe5 35. Nc4 Rxg5 36. Nxb6 Rc5 37. Ke3 Kg7 38. Kd2 Rh5 39. h4
Rf5 40. Nc4 Rf2+ 41. Ke3 Ra2 42. a5 Rc2 43. Kd4 Rc1 44. Kc5 Rb1 45. a6 Rb8 46.
Nb6 Rg8 47. a7 Kf6 48. a8=Q Rxa8 49. Nxa8 e5 50. g4 Ke6 51. Nb6 e4 52. Rd4 Ke7
53. g5 e3 54. Re4+ Kd8 55. Kd6 f5 56. gxf6 e2 57. f7 e1=Q 58. f8=Q# {
Hossa checkmated} 1-0

[Event "ICS rated standard match"]
[Site "204.178.125.65"]
[Date "2000.07.15"]
[Round "?"]
[White "RudiLenz"]
[Black "Hossa"]
[Result "0-1"]
[WhiteElo "2153"]
[BlackElo "2393"]
[PlyCount "136"]
[EventDate "2000.??.??"]

1. d4 Nf6 2. Nf3 e6 3. c4 Bb4+ 4. Bd2 Be7 5. Nc3 d5 6. e3 O-O 7. Qc2 Na6 8. a3
dxc4 9. Bxc4 b6 10. O-O c5 11. d5 exd5 12. Bxa6 Bxa6 13. Rfe1 Qc7 14. Rac1 Rfd8
15. Ne2 Bd6 16. Bc3 Ne4 17. Ng3 Bxg3 18. hxg3 Qc8 19. Rcd1 Qf5 20. Qb3 f6 21.
Rc1 Bd3 22. Qd1 Bb5 23. Qc2 Qh5 24. Nd2 Nxc3 25. Qxc3 Be2 26. Qc2 Rd7 27. Nb3
Bb5 28. Nd2 Rad8 29. Nf3 Re7 30. Red1 Re4 31. Rd2 Rc4 32. Qd1 Ba4 33. Qe1 Rxc1
34. Qxc1 Qf5 35. Qc3 Qb1+ 36. Kh2 Bb5 37. Qc2 Qxc2 38. Rxc2 h5 39. Rd2 g5 40.
Ne1 d4 41. exd4 cxd4 42. Nc2 d3 43. Ne3 Kf7 44. Kg1 Rd4 45. f3 Bd7 46. Kf2 Ke7
47. Nd1 Rd6 48. Ke3 Bb5 49. Nc3 Ba6 50. Kf2 Bc4 51. Ne4 Rd8 52. Nc3 Kf7 53. Ke3
f5 54. f4 g4 55. Kf2 a6 56. Kf1 b5 57. b4 Re8 58. Kf2 Kg6 59. Nd1 Re4 60. Nb2
h4 61. gxh4 Rxf4+ 62. Kg3 Rd4 63. Kf2 f4 64. g3 fxg3+ 65. Kxg3 Re4 66. a4 Re2
67. Rxe2 dxe2 68. Kf2 g3+ {RudiLenz resigns} 0-1

[Event "ICS rated blitz match"]
[Site "204.178.125.65"]
[Date "2000.07.15"]
[Round "?"]
[White "Hossa"]
[Black "salzi"]
[Result "1/2-1/2"]
[WhiteElo "2422"]
[BlackElo "1977"]
[PlyCount "133"]
[EventDate "2000.??.??"]

1. d4 Nf6 2. c4 d6 3. Nc3 g6 4. e4 Bg7 5. f3 O-O 6. Kf2 e5 7. dxe5 dxe5 8. Qxd8
Rxd8 9. Nd5 Nxd5 10. cxd5 c6 11. Bg5 f6 12. Be3 cxd5 13. exd5 Na6 14. Bc4 Bd7
15. Bxa6 bxa6 16. Ne2 Bf8 17. Rad1 Rab8 18. b3 Rb7 19. h4 h5 20. Nc3 f5 21. g3
Bd6 22. Rc1 Rc8 23. Ne2 Bc7 24. Kg2 Bb6 25. Rxc8+ Bxc8 26. Rc1 Bd7 27. Bg5 Rc7
28. Rxc7 Bxc7 29. a4 Bc8 30. Be7 Kf7 31. d6 Ke6 32. dxc7 Kxe7 33. Nc1 Kd6 34.
a5 Kxc7 35. Nd3 Kd6 36. b4 Kd5 37. Kf2 e4 38. Nf4+ Kc4 39. Nxg6 Kxb4 40. Nf4
Kxa5 41. fxe4 fxe4 42. Nxh5 Kb4 43. Nf6 a5 44. h5 a4 45. h6 Bf5 46. g4 Bg6 47.
Nd5+ Kb3 48. g5 a3 49. Ne7 Bh7 50. g6 Bxg6 51. Nxg6 a2 52. h7 a1=Q 53. h8=Q
Qxh8 54. Nxh8 a5 55. Ng6 a4 56. Nf4 a3 57. Ke3 a2 58. Ne6 a1=Q 59. Nd4+ Kc4 60.
Nc6 Kd5 61. Ne7+ Ke6 62. Ng6 Qb1 63. Nf4+ Kf5 64. Ne2 Qd3+ 65. Kf2 e3+ 66. Kf3
Ke5 67. Nc1 1/2-1/2

[Event "ICS rated blitz match"]
[Site "204.178.125.65"]
[Date "2000.07.15"]
[Round "?"]
[White "salzi"]
[Black "Hossa"]
[Result "0-1"]
[WhiteElo "1991"]
[BlackElo "2408"]
[PlyCount "54"]
[EventDate "2000.??.??"]

1. d4 Nf6 2. c4 d6 3. Nc3 g6 4. e4 Bg7 5. Nf3 O-O 6. Be2 e5 7. O-O exd4 8. Nxd4
Re8 9. f3 Nfd7 10. Be3 Nc6 11. Nxc6 bxc6 12. Qd2 Qe7 13. b3 Qe5 14. Rac1 f5 15.
Bf4 Qd4+ 16. Qxd4 Bxd4+ 17. Kh1 fxe4 18. Nxe4 Nc5 19. Ng3 Ne6 20. Bd2 a5 21. a4
Nc5 22. Rb1 Bd7 23. Bd1 Nd3 24. Ne2 Nf2+ 25. Kg1 Rxe2 26. Bxe2 Ne4+ 27. Kh1
Nxd2 {salzi resigns} 0-1